| 000 | 02486cam a2200517 i 4500 | ||
|---|---|---|---|
| 001 | sjds1097575981 | ||
| 003 | sjds | ||
| 005 | 20240626195940.0 | ||
| 008 | 190222s2020 maub j 000 1 eng d | ||
| 010 | _a2019935219 | ||
| 020 |
_a1624148018 _q(hardcover) |
||
| 020 |
_a9781624148019 _q(hardcover) |
||
| 035 | _a(WyU)b89431625 | ||
| 035 | _a(OCoLC)1097575981 | ||
| 040 |
_aYDX _beng _erda _cDLC _dBDX _dZQP _dORX _dLMJ _dOCLCF _dILC _dVP@ _dNZAUC _dHQX _dUKMGB _dEHH _dCSH _dORU _dYDXIT _dZ#6 _dYDX _dTCH _dOCLCO _dOCL _dDZM _dIH9 _dOCLCO _dOCLCQ _dIAI _dOCL _dNIU _dOCLCO _dWYU |
||
| 042 | _alccopycat | ||
| 082 | 0 | 4 |
_a[Fic] _223 |
| 099 |
_aYA _aIba |
||
| 100 | 1 |
_aIbanez, Isabel _c(Novelist), _eauthor. |
|
| 245 | 1 | 0 |
_aWoven in moonlight / _cIsabel Ibanez. |
| 260 |
_aSalem, MA : _bPage Street Publishing Co., _cc2020. |
||
| 264 | 1 |
_aSalem, MA : _bPage Street Publishing Co., _c2020. |
|
| 264 | 4 | _cc2020. | |
| 300 |
_a375 pages : _bmap ; _c22 cm. |
||
| 336 |
_atext _btxt _2rdacontent. |
||
| 337 |
_aunmediated _bn _2rdamedia. |
||
| 338 |
_avolume _bnc _2rdacarrier. |
||
| 500 | _a"Seize the night"--Cover. | ||
| 520 | _a"Ximena is the decoy Condesa, a stand-in for the last remaining Illustrian royal. Her people lost everything when the usurper, Atoc, used an ancient relic to summon ghosts and drive the Illustrians from La Ciudad. Now Ximena's motivated by her insatiable thirst for revenge, and her rare ability to spin thread from moonlight. When Atoc demands the real Condesa's hand in marriage, it's Ximena's duty to go in her stead. She relishes the chance, as Illustrian spies have reported that Atoc's no longer carrying his deadly relic. If Ximena can find it, she can return the true arist©đcrata to their rightful place."--Jacket flap. | ||
| 586 | _aWilliam C. Morris YA Debut Finalists, 2021. | ||
| 650 | 0 |
_aMagic _vJuvenile fiction. |
|
| 650 | 0 |
_aRoyal houses _vJuvenile fiction. |
|
| 650 | 0 |
_aRelics _vJuvenile fiction. |
|
| 650 | 0 |
_aTheft of relics _vJuvenile fiction. |
|
| 650 | 0 |
_aImpostors and imposture _vJuvenile fiction. |
|
| 650 | 0 |
_aWeaving _vJuvenile fiction. |
|
| 650 | 0 |
_aRevolutions _vJuvenile fiction. |
|
| 650 | 1 |
_aMagic _vFiction. |
|
| 655 | 0 | _aYoung adult fiction. | |
| 655 | 7 |
_aJuvenile works. _2fast _0(OCoLC)fst01411637. |
|
| 655 | 7 |
_aYoung adult works. _2fast _0(OCoLC)fst01726790. |
|
| 655 | 7 |
_aFantasy fiction. _2fast _0(OCoLC)fst01726607. |
|
| 655 | 7 |
_aFiction. _2fast _0(OCoLC)fst01423787. |
|
| 655 | 7 |
_aFantasy fiction. _2lcgft. |
|
| 942 | _cBK | ||
| 999 |
_c29915 _d29913 |
||